000 00547nam a2200145Ia 4500
008 250103s2023 xx 000 0 und d
020 _a978-3-031-24827-6
022 _a2692-4471
041 _aeng
100 _aIoannis K. Chatjigeorgiou
245 _aDynamic Behavior of Pipelines for Marine Applications
260 _bSpringer International Publishing
_c2023
440 _vSynthesis Lectures on Ocean Systems Engineering
856 _uhttps://link.springer.com/openurl?genre=book&isbn=978-3-031-24827-6
_zhttps://doi.org/10.1007/978-3-031-24827-6
999 _c12740
_d12740